000 00677nam a2200181 i 4500
001 165193
003 ES-MaACL
005 20251222063017.0
008 000209s1843 sp |||| | spa d
080 _a61:37(460)
100 1 _aSeoane, Mateo,
_d1791-1870
_9132650
245 1 3 _aEl nuevo plan de estudios médicos :
_bcuaderno I /
_cpor Mateo Seoane.
260 _aMadrid :
_b[s.n.],
_c1843 (
_fimprenta del Colegio Nacional de Sordo-Mudos y Ciegos)
300 _a29 p. ;
_c20 cm.
650 7 _aMedicina-
_xEstudio y enseñanza-
_zEspaña
_2
_9151425
852 4 _aES-MaACL
_jT-34-F-8
_z- Enc. hol.
_z- Enc. en un vol. facticio
999 _c165193
_d165193